Deutschlands Geographische Extreme - Statistiken

Allgemein
  • Dieses Quiz wurde 3.868 mal gespielt
    3.575 seit der letzten Aktualisierung
  • Das Durchschnittsergebnis liegt bei 12 aus 20
Antwortstatistiken
Kategorie Antwort % Korrekt
Bevölkerungsreichste Stadt Berlin
94%
Höchster Berg Zugspitze
94%
Längster Fluss, der durch Deutschland fließt (also mit der Länge außerhalb Deutschlands) Donau
93%
Längster Fluss innerhalb Deutschlands Rhein
93%
Größter See (natürlich) Bodensee
87%
Größte Nordseeinsel Sylt
86%
Größte Ostseeinsel Rügen
82%
Nördlichste Stadt Flensburg
77%
Bevölkerungsreichster Ballungsraum Rhein-Ruhr
75%
Westlichste Stadt Aachen
67%
Längster Fluss, der ausschließlich durch Deutschland fließt Main
65%
Stadt mit der höchsten Bevölkerungsdichte München
59%
Östlichste Stadt Görlitz
42%
Höchstes Bauwerk Berliner Fernsehturm
38%
Größter Binnensee Müritz
34%
Höchster Berg (außerhalb der Alpen) Feldberg
32%
Höchstes Gebäude Commerzbank Tower
26%
Südlichste Stadt Sonthofen
21%
Einzige deutsche Exklave (ohne Vennbahn) Büsingen
14%
Größte Binneninsel Wilhelmsburg
4%
Keine übereinstimmenden Quizze gefunden
Verteilung der Resultate
Anzahl Personen mit jedem Resultat
Perzentil nach korrekt beantworteten Fragen
Ihre Resultats-Entwicklung
Sie haben dieses Quiz seit der letzten Aktualisierung nicht gespielt